Educar en la diversidad
Na minha lista:
| Autor principal: | |
|---|---|
| Formato: | Livro |
| Idioma: | espanhol |
| Publicado em: |
Madrid
Bruño
1991
|
| Colecção: | Colección Nueva Escuela, 20
|
| Assuntos: | |
| Tags: |
Adicionar Tag
Sem tags, seja o primeiro a adicionar uma tag!
|
MARC
| LEADER | 00000nam a2200000 a 4500 | ||
|---|---|---|---|
| 001 | UCN0042 | ||
| 003 | CL-VaPUC | ||
| 008 | 010316e19910000SP |||||||||||||||||spa|d | ||
| 082 | 0 | 4 | |a 370.15 |b ALB |2 21 |
| 100 | 0 | |a Albericio, Juan José |e author |9 455279 | |
| 245 | 1 | 0 | |a Educar en la diversidad |
| 300 | |a 287 p | ||
| 942 | |c BK | ||
| 945 | |d 20010316 00:00:00 |a cmena | ||
| 260 | |a Madrid |b Bruño |c 1991 | ||
| 650 | 0 | |a Educación |9 258661 | |
| 650 | 0 | |a Psicología educacional |9 307830 | |
| 650 | 0 | |a Filosofía de la educación |9 258384 | |
| 650 | 0 | |a Docentes |9 311365 | |
| 650 | 7 | |a ESTRATEGIAS EDUCATIVAS |2 CL-VaPUC |9 406967 | |
| 583 | |a last modification |c 20010316 00:00:00 |k Rodrigo Vera | ||
| 490 | 0 | |a Colección Nueva Escuela, 20 | |
| 999 | |c 294017 |d 294015 | ||
| 952 | |0 0 |1 0 |4 0 |6 370_150000000000000_ALB_1991 |7 0 |8 A |9 345857 |a BIBEDU |b BIBEDU |d 2019-11-20 |i 3699285 |o 370.15 ALB 1991 |p 3699285 |r 2019-11-20 |w 2019-11-20 |y BK |k EPE | ||